লোডিং...
John Dewey: his contribution to the American tradition /
| প্রধান লেখক: | |
|---|---|
| বিন্যাস: | Printed Book |
| ভাষা: | English |
| প্রকাশিত: |
New York :
Bobbs Merrill,
1955.
|
| LEADER | 00432nam a2200121Ia 4500 | ||
|---|---|---|---|
| 008 | 150624b xxu||||| |||| 00| 0 eng d | ||
| 082 | |a 191D | ||
| 100 | |a Edman, Irwin | ||
| 245 | |a John Dewey: |b his contribution to the American tradition / |c Irwin Edman | ||
| 260 | |a New York : |b Bobbs Merrill, |c 1955. | ||
| 942 | |c BK | ||
| 999 | |c 9114 |d 9114 | ||
| 952 | |0 0 |1 0 |4 0 |6 191D_EDM_J |7 0 |9 9113 |a UL |b UL |c ST2 |d 2017-09-28 |l 0 |o 191D EDM/J |p 14169 |r 2012-10-27 |w 2012-10-27 |y BK | ||